[Event "UKR-ch U16 Girls"]
[Site "Odessa"]
[Date "2009.03.26"]
[Round "8"]
[White "Shvayger, Yuliya"]
[Black "Ivanenko, Olga A"]
[Result "1-0"]
[WhiteElo "2160"]
[BlackElo "2001"]
[PlyCount "83"]
[EventDate "2009.03.19"]
[EventType "tourn"]
[EventRounds "11"]
[EventCountry "UKR"]
[SourceTitle "CBM 129 Extra"]
[Source "ChessBase"]
[SourceDate "2009.05.05"]
[SourceVersion "2"]
[SourceVersionDate "2009.05.20"]
[SourceQuality "1"]

1. e4 Nf6 2. e5 Nd5 3. d4 d6 4. Nf3 Bg4 5. Be2 e6 6. 0-0 Be7 7. c4 Nb6 8. Nc3 0-0 9. exd6 cxd6 10. b3 d5 11. c5 N6d7 12. b4 Bf6 13. Be3 Nc6 14. b5 Na5 15. Rc1 Bxf3 16. Bxf3 Nc4 17. Be2 Nxe3 18. fxe3 Bg5 19. Qd3 Re8 20. Bf3 Nf6 21. Rce1 e5 22. Bd1 Qa5 23. Bb3 Rad8 24. g3 Qb4 25. Kg2 exd4 26. exd4 Rxe1 27. Rxe1 Ne4 28. Nxe4 Qxe1 29. Nxg5 g6 30. Nf3 Qc1 31. Ne5 f6 32. Ng4 Kf7 33. Ne3 Qb2+ 34. Kh3 Re8 35. Nxd5 Kg7 36. Nf4 Qf2 37. Qc4 Re3 38. Qf7+ Kh6 39. Qxf6 Re2 40. Qf8+ Kg5 41. Ne6+ Kh5 42. g4# 1-0

[Event "Kharkov (Women) 5th"]
[Site "Kharkov"]
[Date "2008.11.02"]
[Round "7"]
[White "Kashlinskaya, Alina"]
[Black "Ivanenko, Olga A"]
[Result "1-0"]
[WhiteElo "2266"]
[BlackElo "2154"]
[PlyCount "93"]
[EventDate "2008.10.27"]
[EventType "tourn"]
[EventRounds "9"]
[EventCountry "UKR"]
[SourceTitle "EXT 2009"]
[Source "ChessBase"]
[SourceDate "2008.11.26"]
[SourceVersion "1"]
[SourceVersionDate "2008.11.26"]
[SourceQuality "1"]

1. d4 Nf6 2. c4 e6 3. Nc3 Bb4 4. e3 b6 5. Nge2 Bb7 6. a3 Be7 7. d5 e5 8. Ng3 g6 9. Be2 d6 10. 0-0 Nbd7 11. f4 exf4 12. exf4 0-0 13. b4 Re8 14. Bb2 Bf8 15. Qd2 h5 16. Bd3 Bg7 17. Rae1 Rxe1 18. Rxe1 Ng4 19. Nce4 Bxb2 20. Qxb2 Qh4 21. h3 f5 22. Nf2 Qxg3 23. hxg4 Qxf4 24. Re7 Ne5 25. gxh5 Qg5 26. Rxe5 dxe5 27. Qxe5 Rf8 28. Qxc7 Rf7 29. Qb8+ Kh7 30. hxg6+ Qxg6 31. g4 Kg7 32. Qe5+ Qf6 33. Qxf6+ Kxf6 34. gxf5 Ke5 35. Kh2 Bc8 36. Kg3 Bxf5 37. Ng4+ Kd4 38. Bxf5 Rxf5 39. d6 Rf7 40. Nh6 Rg7+ 41. Kf4 Kxc4 42. Ke5 Rg5+ 43. Nf5 Rg8 44. d7 a5 45. Nd6+ Kb3 46. Ne8 Kxa3 47. d8Q 1-0

[Event "Kharkov (Women) 5th"]
[Site "Kharkov"]
[Date "2008.10.27"]
[Round "1"]
[White "Ostroverkhova, Elena"]
[Black "Ivanenko, Olga A"]
[Result "0-1"]
[WhiteElo "2074"]
[BlackElo "2154"]
[PlyCount "72"]
[EventDate "2008.10.27"]
[EventType "tourn"]
[EventRounds "9"]
[EventCountry "UKR"]
[SourceTitle "EXT 2009"]
[Source "ChessBase"]
[SourceDate "2008.11.26"]
[SourceVersion "1"]
[SourceVersionDate "2008.11.26"]
[SourceQuality "1"]

1. d4 Nf6 2. Nf3 e6 3. c4 b6 4. Nc3 Bb7 5. Bg5 h6 6. Bh4 Bb4 7. e3 g5 8. Bg3 Ne4 9. Qc2 d6 10. Nd2 Bxc3 11. bxc3 f5 12. f3 Nxd2 13. Qxd2 Nd7 14. Bd3 Qf6 15. Qc2 0-0-0 16. 0-0-0 Rhf8 17. h4 Rde8 18. hxg5 hxg5 19. Qa4 a5 20. Kb2 e5 21. c5 dxc5 22. Rh7 Rd8 23. Rxd7 Rxd7 24. dxe5 Qe7 25. Qc2 Kb8 26. Bc4 Rxd1 27. Qxd1 f4 28. exf4 gxf4 29. Bh2 Qxe5 30. Qd2 Qd6 31. Qe1 Qh6 32. Bg1 Qh1 33. Qf1 Rf6 34. Qf2 Rg6 35. Bf1 Ba6 36. Qe1 Bxf1 0-1

[Event "Wch U16 Girls"]
[Site "Kemer"]
[Date "2007.11.27"]
[Round "10"]
[White "Tsatsalashvili, Ketevan"]
[Black "Ivanenko, Olga A"]
[Result "1/2-1/2"]
[WhiteElo "2161"]
[BlackElo "2125"]
[PlyCount "97"]
[EventDate "2007.11.18"]
[EventType "swiss"]
[EventRounds "11"]
[EventCountry "TUR"]
[SourceTitle "CBM 121 Extra"]
[Source "ChessBase"]
[SourceDate "2008.01.10"]
[SourceVersion "1"]
[SourceVersionDate "2008.01.10"]
[SourceQuality "1"]

1. d4 Nf6 2. c4 e6 3. Nf3 b6 4. e3 Bb7 5. Nc3 d6 6. Bd3 Nbd7 7. e4 e5 8. d5 a5 9. h3 h5 10. Be3 g6 11. 0-0 Bh6 12. Bxh6 Rxh6 13. g3 Nc5 14. Bc2 Nh7 15. Qd2 g5 16. Nh4 Nf8 17. Nf5 Rh7 18. h4 gxh4 19. Nxh4 Ng6 20. Nxg6 fxg6 21. Na4 Nd7 22. a3 Qf6 23. f3 h4 24. g4 Qf4 25. Qxf4 exf4 26. Bd3 Ne5 27. Be2 Ba6 28. Rfc1 Kd7 29. Kf2 Rhh8 30. b4 Rhb8 31. Nb2 g5 32. Ra2 axb4 33. axb4 Bb7 34. Na4 Kd8 35. Rca1 Nd7 36. Bf1 Ba6 37. Nc3 Bb7 38. Nb5 Rxa2+ 39. Rxa2 Ra8 40. Rxa8+ Bxa8 41. Nd4 Nf8 42. Be2 Bb7 43. Bd1 Ba6 44. Bb3 Ke7 45. Nc6+ Kf6 46. c5 bxc5 47. bxc5 Nd7 48. cxd6 cxd6 49. Bc2 1/2-1/2

[Event "Wch U16 Girls"]
[Site "Kemer"]
[Date "2007.11.25"]
[Round "8"]
[White "Ivanenko, Olga A"]
[Black "Bhakti, Kulkarni"]
[Result "1-0"]
[WhiteElo "2125"]
[BlackElo "2112"]
[PlyCount "135"]
[EventDate "2007.11.18"]
[EventType "swiss"]
[EventRounds "11"]
[EventCountry "TUR"]
[SourceTitle "CBM 121 Extra"]
[Source "ChessBase"]
[SourceDate "2008.01.10"]
[SourceVersion "1"]
[SourceVersionDate "2008.01.10"]
[SourceQuality "1"]

1. d4 Nf6 2. c4 g6 3. Nc3 Bg7 4. e4 d6 5. Nf3 0-0 6. h3 e5 7. dxe5 dxe5 8. Bg5 c6 9. Qxd8 Rxd8 10. Be2 Na6 11. 0-0 Nc5 12. Rfd1 Be6 13. Rxd8+ Rxd8 14. b4 Na6 15. a3 Re8 16. Be3 Ra8 17. Rd1 h6 18. Nd2 Ne8 19. Nb3 b6 20. Nd2 f5 21. f3 Nac7 22. c5 b5 23. a4 a5 24. Rb1 axb4 25. Rxb4 Na6 26. Rb2 b4 27. Na2 f4 28. Bf2 Bf8 29. Bxa6 Bxa2 30. Bb7 Rb8 31. Bxc6 Bf7 32. Bb5 Nc7 33. Rxb4 Na6 34. Rb1 Nxc5 35. Rc1 Nb3 36. Nxb3 Bxb3 37. Rb1 Be6 38. a5 Ra8 39. a6 Bd7 40. Bxd7 Rxa6 41. Bb5 Ra8 42. Bc4+ Kh8 43. Bd5 Rc8 44. Ra1 Rb8 45. Kh2 Be7 46. Ra8 Rxa8 47. Bxa8 Kg7 48. Kg1 Kf7 49. Kf1 Ke6 50. Ke2 Bf8 51. Kd3 Ba3 52. Kc4 Bb2 53. Bc6 Ba3 54. Bc5 Bb2 55. Be8 Kf6 56. Kd5 Bc3 57. Bd7 Ba5 58. Bd6 Bc3 59. Be8 g5 60. Bc7 Ke7 61. Bh5 Kf6 62. Bd8+ Kg7 63. Ke6 Kf8 64. Bf6 Ba5 65. Bxe5 Kg8 66. Bd6 Bc3 67. e5 Bd4 68. Kf5 1-0

[Event "Geller Memorial op-A 3rd"]
[Site "Odessa"]
[Date "2007.09.15"]
[Round "8"]
[White "Ivanenko, Olga A"]
[Black "Yurkovskiy, Ivan"]
[Result "1-0"]
[WhiteElo "2104"]
[BlackElo "2140"]
[PlyCount "101"]
[EventDate "2007.09.08"]
[EventType "swiss"]
[EventRounds "9"]
[EventCountry "UKR"]
[SourceTitle "CBM 120 Extra"]
[Source "ChessBase"]
[SourceDate "2007.11.01"]
[SourceVersion "1"]
[SourceVersionDate "2007.11.01"]
[SourceQuality "1"]

1. d4 c5 2. d5 e5 3. e4 d6 4. c4 g6 5. Nf3 Bg7 6. Nc3 Ne7 7. h3 0-0 8. g4 a6 9. Rg1 b5 10. cxb5 axb5 11. Bxb5 Ba6 12. Nd2 Bxb5 13. Nxb5 Na6 14. Nc4 Nc8 15. Be3 Nc7 16. Nxc7 Qxc7 17. Ke2 Nb6 18. Qd3 Nxc4 19. Qxc4 Rfb8 20. Qc3 Qb6 21. b3 Qa6+ 22. Kf3 Kh8 23. Kg2 Rb4 24. Qc2 Rf8 25. a3 Rb7 26. b4 c4 27. Rgc1 Rc7 28. a4 f5 29. b5 Qb7 30. f3 h5 31. Ra3 Rcf7 32. Qe2 fxg4 33. fxg4 Bf6 34. g5 Bd8 35. Rxc4 Bb6 36. Rcc3 Ba5 37. Rc6 Qe7 38. Rb3 Rf4 39. Bxf4 Rxf4 40. Rg3 Qd8 41. Qc2 Rf8 42. h4 Qd7 43. Qe2 Bb4 44. Rc1 Rf4 45. Rf1 Bc5 46. Rxf4 exf4 47. Rb3 Qg7 48. b6 Kh7 49. e5 Qf7 50. Qe4 dxe5 51. Qxe5 1-0

[Event "Geller Memorial op-A 3rd"]
[Site "Odessa"]
[Date "2007.09.14"]
[Round "7"]
[White "Sulejmanova, Ava"]
[Black "Ivanenko, Olga A"]
[Result "1-0"]
[WhiteElo "2241"]
[BlackElo "2104"]
[PlyCount "69"]
[EventDate "2007.09.08"]
[EventType "swiss"]
[EventRounds "9"]
[EventCountry "UKR"]
[SourceTitle "CBM 120 Extra"]
[Source "ChessBase"]
[SourceDate "2007.11.01"]
[SourceVersion "1"]
[SourceVersionDate "2007.11.01"]
[SourceQuality "1"]

1. e4 c5 2. Nc3 Nc6 3. g3 g6 4. Bg2 Bg7 5. d3 e6 6. Be3 d6 7. Qd2 Qa5 8. Nge2 Nd4 9. Nc1 Rb8 10. 0-0 b5 11. Nb3 Qb6 12. Rae1 b4 13. Nd1 Ne7 14. f4 0-0 15. Bf2 Bb7 16. Ne3 Nxb3 17. cxb3 d5 18. exd5 exd5 19. Ng4 Nf5 20. Ne5 Qd6 21. g4 Nh6 22. d4 cxd4 23. Bxd4 Ba6 24. Rf3 f6 25. Nd3 Bxd3 26. Rxd3 Nxg4 27. Bxa7 Rbd8 28. h3 Qc7 29. Bd4 Nh6 30. Rc1 Qa5 31. Bc5 Rfe8 32. a4 f5 33. Rxd5 Rxd5 34. Bxd5+ Kh8 35. Bd4 1-0

[Event "Geller Memorial op-A 3rd"]
[Site "Odessa"]
[Date "2007.09.12"]
[Round "5"]
[White "Polyakov, Maxim"]
[Black "Ivanenko, Olga A"]
[Result "1-0"]
[WhiteElo "2296"]
[BlackElo "2104"]
[PlyCount "51"]
[EventDate "2007.09.08"]
[EventType "swiss"]
[EventRounds "9"]
[EventCountry "UKR"]
[SourceTitle "CBM 120 Extra"]
[Source "ChessBase"]
[SourceDate "2007.11.01"]
[SourceVersion "1"]
[SourceVersionDate "2007.11.01"]
[SourceQuality "1"]

1. d4 Nf6 2. c4 e6 3. Nc3 Bb4 4. g3 0-0 5. Bg2 d5 6. Nf3 c5 7. 0-0 dxc4 8. Bg5 cxd4 9. Nxd4 Be7 10. Ndb5 Qxd1 11. Rfxd1 Nbd7 12. Nd6 Bxd6 13. Rxd6 Rb8 14. Rad1 h6 15. Bf4 a6 16. h3 Re8 17. g4 e5 18. Be3 Re6 19. f4 Rxd6 20. Rxd6 Kh7 21. fxe5 Nxe5 22. Ba7 Ra8 23. Bd4 Ned7 24. Bxf6 gxf6 25. Nd5 Kg7 26. Ne7 1-0

[Event "Geller Memorial op-A 3rd"]
[Site "Odessa"]
[Date "2007.09.11"]
[Round "4"]
[White "Ivanenko, Olga A"]
[Black "Zdebskaja, Natalia"]
[Result "1/2-1/2"]
[WhiteElo "2104"]
[BlackElo "2303"]
[PlyCount "72"]
[EventDate "2007.09.08"]
[EventType "swiss"]
[EventRounds "9"]
[EventCountry "UKR"]
[SourceTitle "CBM 120 Extra"]
[Source "ChessBase"]
[SourceDate "2007.11.01"]
[SourceVersion "1"]
[SourceVersionDate "2007.11.01"]
[SourceQuality "1"]

1. d4 Nf6 2. c4 e6 3. Nf3 b6 4. a3 Ba6 5. Qa4 Bb7 6. Nc3 c5 7. Bf4 Be7 8. e3 0-0 9. Be2 Nh5 10. Bg3 d6 11. Rd1 cxd4 12. Rxd4 Nc6 13. Rd2 Nxg3 14. hxg3 a6 15. Qc2 g6 16. 0-0 Rc8 17. b4 Qc7 18. Rfd1 Rfd8 19. Qa4 Nb8 20. Rc1 Nd7 21. Qd1 Nf6 22. Nd4 Bf8 23. Nb3 Bg7 24. Qf1 Qb8 25. Na4 Bc6 26. Nc3 Ne4 27. Nxe4 Bxe4 28. Bd3 Bb7 29. Rdc2 Qa8 30. a4 a5 31. bxa5 bxa5 32. c5 Bd5 33. Bc4 Be4 34. Bd3 Bxd3 35. Qxd3 dxc5 36. Qe2 Rb8 1/2-1/2

[Event "Kiev Independence Cup-A 7th"]
[Site "Kiev"]
[Date "2007.08.13"]
[Round "1"]
[White "Ivanenko, Olga A"]
[Black "Baryshpolets, Andrey"]
[Result "0-1"]
[WhiteElo "2104"]
[BlackElo "2307"]
[PlyCount "116"]
[EventDate "2007.08.13"]
[EventType "swiss"]
[EventRounds "11"]
[EventCountry "UKR"]
[SourceTitle "CBM 119 Extra"]
[Source "ChessBase"]
[SourceDate "2007.09.04"]
[SourceVersion "1"]
[SourceVersionDate "2007.09.04"]
[SourceQuality "1"]

1. d4 Nf6 2. c4 g6 3. Nc3 Bg7 4. e4 d6 5. Nf3 0-0 6. h3 c5 7. Be2 cxd4 8. Nxd4 Nc6 9. Be3 Nxd4 10. Bxd4 Bd7 11. 0-0 Bc6 12. Qd3 a5 13. Rad1 a4 14. f4 Qa5 15. Bf3 Rad8 16. Qe3 Nd7 17. Bxg7 Kxg7 18. Ne2 Qc5 19. Qxc5 Nxc5 20. Nc3 e5 21. f5 f6 22. g4 Kf7 23. Kf2 Ke7 24. Ke3 Rg8 25. Rd2 h5 26. Rff2 Rg7 27. Rg2 Rdg8 28. Rde2 gxf5 29. gxf5 Rg3 30. Rxg3 Rxg3 31. h4 Rh3 32. Rg2 Rxh4 33. Rg7+ Kf8 34. Rg6 Ke7 35. Rg7+ Kf8 36. Rg6 Kf7 37. Rh6 Rh2 38. Bxh5+ Ke7 39. Rh7+ Kd8 40. Rh8+ Ke7 41. Rh7+ Kd8 42. Rh8+ Kc7 43. Rh7+ Kb6 44. Rh6 Nxe4 45. Nxa4+ Bxa4 46. Kxe4 Be8 47. Rxf6 Bc6+ 48. Ke3 Rxh5 49. Rxd6 Rxf5 50. b4 Kc7 51. Re6 Kd7 52. Rh6 Rf3+ 53. Ke2 Ra3 54. b5 Rxa2+ 55. Ke3 Ra3+ 56. Kf2 Be4 57. c5 Rc3 58. Rh4 Bc2 0-1

[Event "UKR Games (Women) 3rd"]
[Site "Evpatoria"]
[Date "2007.05.21"]
[Round "1"]
[White "Zavgorodnya, Olena"]
[Black "Ivanenko, Olga A"]
[Result "0-1"]
[WhiteElo "1992"]
[BlackElo "2130"]
[PlyCount "88"]
[EventDate "2007.05.21"]
[EventType "team"]
[EventRounds "7"]
[EventCountry "UKR"]
[SourceTitle "CBM 118 Extra"]
[Source "ChessBase"]
[SourceDate "2007.07.04"]
[SourceVersion "1"]
[SourceVersionDate "2007.07.04"]
[SourceQuality "1"]

1. g3 Nf6 2. Bg2 d5 3. Nf3 c5 4. c4 Nc6 5. cxd5 Nxd5 6. 0-0 e5 7. Nc3 Nc7 8. d3 Be7 9. Be3 0-0 10. Rc1 Rb8 11. Ne4 b6 12. h4 Nd5 13. Bg5 f6 14. Bd2 Be6 15. Kh2 Qd7 16. Rh1 h6 17. Nc3 f5 18. Nxd5 Bxd5 19. Bc3 Qe6 20. b3 e4 21. Nd2 exd3 22. Bxd5 Qxd5 23. exd3 Qxd3 24. Qf3 Qxf3 25. Nxf3 Rbd8 26. Rcd1 Rxd1 27. Rxd1 Rd8 28. Rxd8+ Bxd8 29. Kh3 Kf7 30. g4 fxg4+ 31. Kxg4 Bf6 32. Bd2 a6 33. Kf5 Nd4+ 34. Nxd4 Bxd4 35. f3 h5 36. Kg5 g6 37. Kh6 Kf6 38. a4 b5 39. axb5 axb5 40. Kh7 c4 41. bxc4 bxc4 42. Kh6 c3 43. Bg5+ Kf5 44. Kh7 Bf6 0-1

[Event "UKR-ch sf (Women)"]
[Site "Evpatoria"]
[Date "2007.05.04"]
[Round "5"]
[White "Goroshkova, Liudmila"]
[Black "Ivanenko, Olga A"]
[Result "1/2-1/2"]
[WhiteElo "1981"]
[BlackElo "2130"]
[PlyCount "73"]
[EventDate "2007.04.30"]
[EventType "swiss"]
[EventRounds "9"]
[EventCountry "UKR"]
[SourceTitle "EXT 2008"]
[Source "ChessBase"]
[SourceDate "2007.11.25"]
[SourceVersion "1"]
[SourceVersionDate "2007.11.25"]
[SourceQuality "1"]

1. c4 Nf6 2. d4 e6 3. Nf3 b6 4. e3 Bb7 5. Bd3 Be7 6. 0-0 0-0 7. Nbd2 d5 8. cxd5 exd5 9. b3 c5 10. Bb2 Nc6 11. a3 Re8 12. Rc1 Bd6 13. Qc2 Rc8 14. dxc5 Nb8 15. Bxf6 Qxf6 16. Bxh7+ Kh8 17. Qf5 Rxc5 18. Qxf6 gxf6 19. Bf5 a5 20. Nd4 Rxc1 21. Rxc1 Bxa3 22. Rc2 Bc5 23. N2f3 Na6 24. h4 Nc7 25. Kh2 Ne6 26. Rc1 Ng7 27. Bd3 Ba3 28. Rc2 Bd6+ 29. g3 Bc5 30. Kg2 Bc8 31. Bb5 Rf8 32. Bc6 Rd8 33. Rd2 Be6 34. Kf1 Rd6 35. Bb7 Rd7 36. Bc6 Rd6 37. Bb7 1/2-1/2

[Event "UKR-ch sf (Women)"]
[Site "Evpatoria"]
[Date "2007.05.01"]
[Round "2"]
[White "Ivanenko, Olga A"]
[Black "Kostiukova, Liubov"]
[Result "0-1"]
[WhiteElo "2130"]
[BlackElo "2323"]
[PlyCount "120"]
[EventDate "2007.04.30"]
[EventType "swiss"]
[EventRounds "9"]
[EventCountry "UKR"]
[SourceTitle "EXT 2008"]
[Source "ChessBase"]
[SourceDate "2007.11.25"]
[SourceVersion "1"]
[SourceVersionDate "2007.11.25"]
[SourceQuality "1"]

1. e4 e6 2. d4 d5 3. e5 c5 4. c3 Bd7 5. Nf3 Qb6 6. a3 cxd4 7. cxd4 Bb5 8. Bxb5+ Qxb5 9. Nc3 Qa6 10. Ne2 Nd7 11. 0-0 Ne7 12. Nf4 g6 13. Nd3 Nc6 14. Be3 Na5 15. Bd2 Qxd3 16. Bxa5 Qxd1 17. Rfxd1 Nb8 18. Bd2 Be7 19. b4 Nd7 20. Rdc1 Bd8 21. b5 Nb6 22. Bb4 Nc4 23. a4 Be7 24. Bxe7 Kxe7 25. Rc2 h6 26. Rac1 Kd7 27. Ne1 a6 28. b6 Rhc8 29. Nd3 Nxb6 30. Nc5+ Ke7 31. a5 Nc4 32. Nxb7 Rab8 33. Nc5 Nxa5 34. g3 Nb3 35. Nxb3 Rxc2 36. Rxc2 Rxb3 37. Rc7+ Kf8 38. Ra7 Ra3 39. Kf1 Ra4 40. Kg2 g5 41. f3 Rxd4 42. Rxa6 Rd2+ 43. Kh3 Kg7 44. f4 Kg6 45. Ra7 Rf2 46. Ra4 h5 47. fxg5 Kxg5 48. Ra7 Kg6 49. Ra8 Re2 50. Rg8+ Kh7 51. Rg5 Kh6 52. Rg8 Rxe5 53. g4 Kh7 54. Rd8 Kg7 55. gxh5 Rxh5+ 56. Kg3 Kf6 57. h4 Kf5 58. Rf8 f6 59. Rd8 Rh7 60. Re8 e5 0-1

[Event "UKR-ch U18 Girls"]
[Site "Donetsk"]
[Date "2007.02.26"]
[Round "11"]
[White "Babiy, Olga"]
[Black "Ivanenko, Olga A"]
[Result "0-1"]
[WhiteElo "2168"]
[BlackElo "2130"]
[PlyCount "134"]
[EventDate "2007.02.15"]
[EventType "tourn"]
[EventRounds "11"]
[EventCountry "UKR"]
[SourceTitle "CBM 117 Extra"]
[Source "ChessBase"]
[SourceDate "2007.05.09"]
[SourceVersion "1"]
[SourceVersionDate "2007.05.09"]
[SourceQuality "1"]

1. e4 c5 2. Nc3 Nc6 3. Nge2 e5 4. Nd5 d6 5. Nec3 a6 6. a4 Be6 7. Bc4 g6 8. d3 Bg7 9. 0-0 Nf6 10. f4 exf4 11. Bxf4 Nh5 12. Be3 Ne5 13. Qd2 h6 14. h3 g5 15. g4 Nf4 16. Bxf4 gxf4 17. Nxf4 Nxc4 18. dxc4 Bxc4 19. Rf3 Bd4+ 20. Kg2 Qg5 21. b3 Be6 22. Rd1 h5 23. Nxe6 Qxd2+ 24. Rxd2 fxe6 25. g5 h4 26. Ne2 Rg8 27. Nxd4 Rxg5+ 28. Kf2 cxd4 29. Rxd4 Rc8 30. c4 Ke7 31. e5 Rxe5 32. Rxh4 Kd7 33. Rh7+ Kc6 34. b4 Re4 35. Rff7 b6 36. b5+ axb5 37. axb5+ Kc5 38. Rc7+ Rxc7 39. Rxc7+ Kb4 40. Rc6 Ka5 41. Kf3 d5 42. cxd5 exd5 43. Rd6 Rd4 44. Ke3 Rd1 45. h4 Kxb5 46. h5 Kc5 47. Rd8 Rh1 48. Rc8+ Kb5 49. Rh8 Kc5 50. Rc8+ Kb5 51. Rh8 Rh4 52. h6 Kb4 53. h7 d4+ 54. Kd3 b5 55. Rd8 Rxh7 56. Rxd4+ Kb3 57. Rd8 b4 58. Rb8 Rd7+ 59. Ke2 Kc3 60. Rc8+ Kb2 61. Rb8 b3 62. Ke3 Kc2 63. Rc8+ Kb1 64. Rb8 b2 65. Ke2 Ra7 66. Kd2 Ka1 67. Kc2 Rc7+ 0-1

[Event "UKR-ch U18 Girls"]
[Site "Donetsk"]
[Date "2007.02.25"]
[Round "10"]
[White "Ivanenko, Olga A"]
[Black "Orlyanskaya, Darya"]
[Result "1/2-1/2"]
[WhiteElo "2130"]
[BlackElo "2104"]
[PlyCount "122"]
[EventDate "2007.02.15"]
[EventType "tourn"]
[EventRounds "11"]
[EventCountry "UKR"]
[SourceTitle "CBM 117 Extra"]
[Source "ChessBase"]
[SourceDate "2007.05.09"]
[SourceVersion "1"]
[SourceVersionDate "2007.05.09"]
[SourceQuality "1"]

1. d4 f5 2. c4 Nf6 3. Nc3 e6 4. Nf3 d5 5. Bg5 c6 6. e3 Nbd7 7. Bd3 g6 8. Qc2 Bg7 9. Ne5 Qa5 10. f4 Ne4 11. Bxe4 fxe4 12. 0-0 Nf6 13. c5 Qc7 14. b4 0-0 15. a4 a6 16. b5 Bd7 17. Rab1 Rfc8 18. bxa6 Rxa6 19. Rb2 Rca8 20. Bxf6 Bxf6 21. Nxd7 Qxd7 22. Rfb1 R6a7 23. Rb3 Bd8 24. Qb2 Rb8 25. g3 Qf7 26. Qc2 h5 27. h4 Qf5 28. Kh2 Qg4 29. Qd1 Qxd1 30. Rxd1 Kf7 31. Rdb1 Ke8 32. Kg2 Kd7 33. Kf2 Kc8 34. Ke2 Ra6 35. Rc1 Kd7 36. Rcb1 Ra7 37. R1b2 Kc8 38. Rb1 Ra6 39. Rc1 Kd7 40. Rcb1 Kc8 41. Rc1 Bc7 42. Rc2 b6 43. cxb6 Raxb6 44. Rxb6 Rxb6 45. a5 Ra6 46. Na4 Rxa5 47. Nc5 Bd6 48. Nxe6 Kd7 49. Ng5 c5 50. dxc5 Bxc5 51. Nf7 Ke6 52. Ne5 Kf5 53. Nc6 Rb5 54. Ra2 Ke6 55. Nd8+ Kd6 56. Nf7+ Ke7 57. Ne5 Ke6 58. Rc2 Kd6 59. Nf7+ Ke7 60. Ne5 Kd6 61. Nf7+ Ke7 1/2-1/2

[Event "UKR-ch U18 Girls"]
[Site "Donetsk"]
[Date "2007.02.21"]
[Round "6"]
[White "Andrenko, Irina"]
[Black "Ivanenko, Olga A"]
[Result "1-0"]
[WhiteElo "2038"]
[BlackElo "2130"]
[PlyCount "88"]
[EventDate "2007.02.15"]
[EventType "tourn"]
[EventRounds "11"]
[EventCountry "UKR"]
[SourceTitle "CBM 117 Extra"]
[Source "ChessBase"]
[SourceDate "2007.05.09"]
[SourceVersion "1"]
[SourceVersionDate "2007.05.09"]
[SourceQuality "1"]

1. e4 c5 2. Nf3 e6 3. d4 cxd4 4. Nxd4 a6 5. Nc3 Qc7 6. Bd3 Bc5 7. Nf3 d6 8. 0-0 Nf6 9. Qe2 Nbd7 10. h3 b5 11. Bf4 Bb7 12. a4 b4 13. Na2 Qc6 14. c3 a5 15. Rfe1 e5 16. cxb4 axb4 17. Bd2 Qxa4 18. Nxb4 Qxa1 19. Rxa1 Rxa1+ 20. Kh2 0-0 21. Nc2 Raa8 22. b4 Bb6 23. Nh4 d5 24. exd5 Bxd5 25. Ne3 Bb7 26. Nhf5 Bc7 27. Bb5 e4+ 28. Ng3 Rad8 29. Bc3 Be5 30. Qb2 Bxc3 31. Qxc3 Nd5 32. Nxd5 Bxd5 33. Nf5 Nf6 34. Qe5 Be6 35. Nxg7 Kxg7 36. Qg5+ Kh8 37. Qxf6+ Kg8 38. Qg5+ Kh8 39. Qe5+ Kg8 40. Qxe4 Kg7 41. Bd3 Kf6 42. Qh4+ Ke5 43. Qxh7 Kd6 44. Qe4 f5 1-0

[Event "UKR-ch U18 Girls"]
[Site "Donetsk"]
[Date "2007.02.19"]
[Round "4"]
[White "Shepeleva, Sofia"]
[Black "Ivanenko, Olga A"]
[Result "0-1"]
[WhiteElo "1923"]
[BlackElo "2130"]
[PlyCount "80"]
[EventDate "2007.02.15"]
[EventType "tourn"]
[EventRounds "11"]
[EventCountry "UKR"]
[SourceTitle "CBM 117 Extra"]
[Source "ChessBase"]
[SourceDate "2007.05.09"]
[SourceVersion "1"]
[SourceVersionDate "2007.05.09"]
[SourceQuality "1"]

1. d4 Nf6 2. c4 e6 3. Nf3 b6 4. g3 Bb7 5. Bg2 Be7 6. 0-0 0-0 7. d5 exd5 8. Nh4 c6 9. cxd5 Nxd5 10. Nf5 Nc7 11. e4 d5 12. Nc3 Nba6 13. Qg4 Bf6 14. Bf4 Bc8 15. Rad1 Kh8 16. Qf3 Bxf5 17. exf5 Qe7 18. Rfe1 Qb4 19. Bc1 Rfe8 20. a3 Qf8 21. g4 h6 22. Qg3 Rxe1+ 23. Rxe1 Re8 24. Rd1 Qe7 25. b4 Qe5 26. Qxe5 Bxe5 27. Bd2 Nb8 28. f4 Bd4+ 29. Kf1 Nd7 30. Ne2 Bf6 31. g5 hxg5 32. fxg5 Bb2 33. Bf4 Be5 34. h4 Bxf4 35. Nxf4 Re5 36. Kg1 Rxf5 37. Rf1 Ne6 38. Bh3 Rxf4 39. Rxf4 Nxf4 40. Bxd7 c5 0-1